Catálogo
 En Linea

Antología / (Registro nro. 39569)

Detalles MARC
000 -CABECERA
campo de control de longitud fija 00482nam a2200157 a 4500
001 - NÚMERO DE CONTROL
campo de control 000040079
005 - FECHA Y HORA DE LA ÚLTIMA TRANSACCIÓN
campo de control 20201002033914.0
008 - DATOS DE LONGITUD FIJA--INFORMACIÓN GENERAL
campo de control de longitud fija 130806s2004 sp ag 000 0 spa d
020 ## - NÚMERO INTERNACIONAL ESTÁNDAR DEL LIBRO
Número Internacional Estándar del Libro 849588
040 ## - FUENTE DE LA CATALOGACIÓN
Centro catalogador/agencia de origen DO-SdBNP
Lengua de catalogación spa
Centro/agencia transcriptor BNPHU
100 1# - ENTRADA PRINCIPAL--NOMBRE DE PERSONA
Nombre de persona Rodríguez, Silvio
Fechas asociadas al nombre 1946-
9 (RLIN) 66337
245 10 - MENCIÓN DE TÍTULO
Título Antología /
Mención de responsabilidad, etc. Silvio Rodríguez ; transcripciones de Martha Duarte.
260 ## - PUBLICACIÓN, DISTRIBUCIÓN, ETC.
Lugar de publicación, distribución, etc. Madrid :
Nombre del editor, distribuidor, etc. Ellago Ediciones,
Fecha de publicación, distribución, etc. 2004.
300 ## - DESCRIPCIÓN FÍSICA
Extensión v. :
Otras características físicas il., mús.
Extensión 32 cm.
700 1# - PUNTO DE ACCESO ADICIONAL--NOMBRE DE PERSONA
Nombre de persona Duarte, Marta,
9 (RLIN) 66338
Existencias
Estado de retiro Estado de pérdida Restricciones de uso No para préstamo Código de colección Localización permanente Ubicación/localización actual Ubicación en estantería Fecha de adquisición Número de inventario Total de préstamos Signatura topográfica completa Código de barras Fecha visto por última vez Precio válido a partir de Tipo de ítem Koha
      Excluido de préstamo Monografías: Libros y Folletos General General Depósito 06.08.2013 LF1   v. 1 40079-10 25.06.2020 25.06.2020 No se presta

Con tecnología Koha